The Norton Introduction to Literature / (رقم التسجيلة. 35438)

تفاصيل مارك
000 -الفاتح
حقل البيانات ثابتة الطول 00956cam a2200313Ia 4500
001 - رقم الضبط
رقم الضبط 10603476
003 - محدد رقم الضبط
رقم الضبط OSt
005 - وقت وتاريخ اخر تعامل مع التسجيلة
رقم الضبط 20150408114221.0
008 - عناصر البيانات ثابتة الطول - معلومات عامة
حقل البيانات ثابتة الطول 130630s2014 nyu b 001 m eng d
020 ## - الرقم الدولى المعيارى للكتب
الرقم الدولى المعيارى للكتاب 9780393923391
020 ## - الرقم الدولى المعيارى للكتب
الرقم الدولى المعيارى للكتاب 0393923398
024 ## - معرف معيارى اخر
الرقم او الرمز المعيارى 99956457516
035 ## - رقم ضبط النظام
رقم ضبط النظام (OCoLC)ocn851419046
035 ## - رقم ضبط النظام
رقم ضبط النظام (OCoLC)851419046
035 ## - رقم ضبط النظام
رقم ضبط النظام (NNC)10603476
040 ## - مصدر الفهرسة
وكالة الفهرسة الأصلية BTCTA
لغة الفهرسة eng
وكالة النسخ BTCTA
وكالة التعديل BDX
-- YDXCP
-- IOT
050 #4 - رقم طلب مكتبة الكونجرس
رقم التصنيف PN6014
رقم المادة .N67 2014
082 ## - رقم تصنيف ديوى العشرى
رقم الطبعة 22
رقم التصنيف 808
رقم المادة NOI
245 04 - بيان العنوان
العنوان The Norton Introduction to Literature /
بيان المسئوليه,etc [edited by] Kelly J. Mays.
250 ## - بيان الطبعة
بيان الطبعة Portable 11th ed.
260 ## - PUBLICATION, DISTRIBUTION, ETC. (IMPRINT)
مكان الناشر او الموزع New York :
اسم الناشر او الموزع W W Norton & Co Inc.,
تاريخ النشر أو التوزيع 2014.
300 ## - الوصف المادى
التعداد xxxii, 1333, A36 p. ;
تفاصيل ماديه اخرى للوعاء ill. ;
أبعاد الوعاء 22 cm.
504 ## - تبصرة ببليوجرافية
تبصرة ببليوجرافية,الخ Includes bibliographical references, glossary and indexes.
650 #0 - المدخل الاضافى بالموضوع-مصطلح موضوعى
مصطلح موضوعي أو اسم جغرافي كعنصر مدخل Literature
التقسيم الفرعي الشكلي Collections.
9 (RLIN) 39245
700 1# - المدخل الاضافى - اسم شخصى
الإسم الشخصى Mays, Kelly J.
رمز الرابط edt
9 (RLIN) 45018
942 ## - عناصر المدخل الإضافي( كوها)
مصدر التصنيف او مخطط الترفيف Dewey Decimal Classification
Koha [default] item type كتاب
948 1# - معلومات معالجة محلية جزء السلاسل(OCLC); DESIGNATOR (RLIN)
Series part designator, SPT (RLIN) 20140124
b (OCLC) c
c (OCLC) as2107
d (OCLC) MPS
المقتنيات
حالة الفقد نموذج السعر الفعال حالة تلف ليس للاعارة رقم الطلب تاريخ الاكتساب الموقع الحالي الباركود الفرع الرئيسي Date last checked out Date last seen نوع المادة فى نظام كوها مصدر التصنيف او خطة الترفيف Total Checkouts رقم النسخة مصدر التزويد
  2014-07-08     808 NOI 2014-07-08 المكتبة المركزية بالمجمعة (CL) 00652036 المكتبة المركزية بالمجمعة (CL) 2015-03-05 2015-05-12 كتاب Dewey Decimal Classification 1    
  2014-07-08     808 NOI 2014-07-08 المكتبة المركزية بالمجمعة (CL) 00652037 المكتبة المركزية بالمجمعة (CL)   2014-07-08 كتاب Dewey Decimal Classification      
  2014-07-08     808 NOI 2014-07-08 المكتبة المركزية بالمجمعة (CL) 00652038 المكتبة المركزية بالمجمعة (CL) 2014-12-25 2015-02-19 كتاب Dewey Decimal Classification 1    
  2015-07-07   Not For Loan 808 NOI 2015-07-07 قسم الاجراءات الفنية (IC) 00212275 قسم الاجراءات الفنية (IC)   2015-07-07 كتاب Dewey Decimal Classification   1 arab
  2015-08-18   Not For Loan 808 NOI 2015-08-18 مكتبة كلية العلوم و الدراسات الإنسانية برماح - طالبات (SRF) 00212278 مكتبة كلية العلوم و الدراسات الإنسانية برماح - طالبات (SRF) 2019-09-08 2019-10-09 كتاب Dewey Decimal Classification 3 1  
  2015-08-18     808 NOI 2015-08-18 مكتبة كلية العلوم و الدراسات الإنسانية برماح - طالبات (SRF) 00212279 مكتبة كلية العلوم و الدراسات الإنسانية برماح - طالبات (SRF)   2015-08-18 قرص ممغنط Dewey Decimal Classification   2  
  2015-08-18   Not For Loan 808 NOI 2015-08-18 مكتبة كلية العلوم و الدراسات الإنسانية برماح - طلاب (SRM) 00212277 مكتبة كلية العلوم و الدراسات الإنسانية برماح - طلاب (SRM)   2015-08-18 كتاب Dewey Decimal Classification   1  
  2015-08-18     808 NOI 2015-08-18 مكتبة كلية العلوم و الدراسات الإنسانية برماح - طلاب (SRM) 00212276 مكتبة كلية العلوم و الدراسات الإنسانية برماح - طلاب (SRM)   2015-08-18 كتاب Dewey Decimal Classification   2  
  2014-07-08     808 NOI 2014-07-08 مكتبة مجمع الكليات بالزلفى - طلاب (SZM) 00652039 مكتبة مجمع الكليات بالزلفى - طلاب (SZM)   2014-07-08 كتاب Dewey Decimal Classification      
  2014-07-08     808 NOI 2014-07-08 مكتبة مجمع الكليات بالزلفى - طلاب (SZM) 00652040 مكتبة مجمع الكليات بالزلفى - طلاب (SZM)   2014-07-08 كتاب Dewey Decimal Classification